| 000 | 01026nam a2200241Ia 4500 | ||
|---|---|---|---|
| 999 |
_c39347 _d39347 |
||
| 001 | 5934 | ||
| 003 | GE_BSU | ||
| 005 | 20190826135013.0 | ||
| 008 | 181216s1989||||ge |||||||||||||| ||geo|| | ||
| 040 | _cGE_BSU | ||
| 041 | _ageo | ||
| 080 | _a821.353.1-92 ა-13 | ||
| 100 |
_aაბაშიძე, ირაკლი _93740 |
||
| 245 |
_aგუშინ, გუშინწინ : _bწერილები, მოგონებები / _cირაკლი აბაშიძე ; რედ. ნინო ახალკაცი ; მხატვ. ქ. ყიფიანი. |
||
| 264 |
_aთბილისი : _bმერანი ; _c1989. |
||
| 300 |
_a167 გვ. ;. _c20 სმ |
||
| 653 | _aგუშინ, გუშინწინ | ||
| 653 | _aწერილები | ||
| 653 | _aმოგონებები | ||
| 700 |
_aახალკაცი, ნინო _eრედაქტორი _93780 |
||
| 700 |
_aყიფიანი, ქ. _eმხატვარი _93785 |
||
| 942 |
_cBK _2udc |
||